000 00478nam a22001817a 4500
003 OSt
005 20240216131224.0
008 240216b |||||||| |||| 00| 0 eng d
040 _aKMU
_bRDA
_cKMU
_dKMU
050 _aCBU(02)2012/3
110 _aThe Copperbelt University
245 _aLife and Living/
_cThe Copperbelt University
300 _a90p.:
_bpictures;
_c21cm.
650 _aHealth
650 _aHIV and AIDS
650 _aSEXUALLY TRANSMITTED DISEASES
942 _cBK
_n0
999 _c1018
_d1018